[Event "Buryatia-ch 3rd"]
[Site "Ulan-Ude"]
[Date "2015.01.08"]
[Round "7"]
[White "Ibadov, Dashgyn"]
[Black "Khaptaev, Anatoli"]
[Result "0-1"]
[WhiteElo "2133"]
[BlackElo "2080"]
[PlyCount "70"]
[EventDate "2015.01.05"]
[EventType "swiss"]
[EventRounds "9"]
[EventCountry "RUS"]
[SourceTitle "CBM 164 Extra"]
[Source "ChessBase"]
[SourceDate "2015.03.02"]
[SourceVersion "1"]
[SourceVersionDate "2015.03.02"]
[SourceQuality "1"]

1. e4 e6 2. d4 d5 3. Nd2 Nf6 4. e5 Nfd7 5. Bd3 c5 6. c3 Nc6 7. Ne2 Be7 8. 0-0 0-0 9. f4 f5 10. exf6 Bxf6 11. Nf3 cxd4 12. cxd4 Qb6 13. Kh1 g6 14. Bb1 Bg7 15. b3 Nf6 16. Ba3 Nb4 17. Ne5 Bd7 18. Nd3 a5 19. Bxb4 axb4 20. Qe1 Ne4 21. Qxb4 Qxb4 22. Nxb4 Nd2 23. Bd3 Nxf1 24. Rxf1 Bc6 25. Kg1 Rfc8 26. a4 Bf8 27. Nc2 b5 28. axb5 Bxb5 29. Bxb5 Rxc2 30. Rf3 Ra5 31. Bd3 Rb2 32. g4 Rxb3 33. f5 Raa3 34. fxg6 hxg6 35. Nf4 Bd6 0-1

[Event "Ulan-Ude Elo"]
[Site "Ulan-Ude"]
[Date "2007.09.29"]
[Round "13"]
[White "Dondukov, Sengdorji"]
[Black "Khaptaev, Anatoli"]
[Result "1-0"]
[WhiteElo "2187"]
[BlackElo "2173"]
[PlyCount "105"]
[EventDate "2007.09.17"]
[EventType "tourn"]
[EventRounds "14"]
[EventCountry "RUS"]
[SourceTitle "EXT 2009"]
[Source "ChessBase"]
[SourceDate "2008.11.26"]
[SourceVersion "1"]
[SourceVersionDate "2008.11.26"]
[SourceQuality "1"]

1. Nf3 Nc6 2. c4 e5 3. Nc3 Nf6 4. d3 d5 5. cxd5 Nxd5 6. a3 Be7 7. g3 0-0 8. Bg2 Be6 9. 0-0 a5 10. Qc2 Kh8 11. Ne4 f6 12. Nc5 Bc8 13. b3 Qd6 14. Ne4 Qe6 15. Bb2 b6 16. Rac1 Bb7 17. Nc3 Nxc3 18. Qxc3 Nd8 19. d4 e4 20. Nd2 c5 21. Qe3 cxd4 22. Bxd4 Nc6 23. Bb2 f5 24. Qxb6 Rab8 25. Qe3 Ne5 26. h3 Bd5 27. Rfd1 Bf6 28. Qc5 Nd7 29. Qc2 Ne5 30. Qc5 Nf3+ 31. Nxf3 Bxb2 32. Ng5 Qf6 33. Rxd5 Bxc1 34. Qxc1 h6 35. h4 hxg5 36. hxg5 Qe6 37. Rxa5 Rxb3 38. Qf4 Rb1+ 39. Kh2 Kg8 40. Bh3 g6 41. e3 Rb7 42. Kg2 Qc4 43. Qd6 Qf7 44. Ra6 Kg7 45. Qe5+ Kh7 46. Qf4 Kg8 47. Qd6 Kh7 48. Qf4 Kg8 49. Qd6 Kh7 50. Kh2 Rd7 51. Qf4 Kg8 52. Bf1 Qe8 53. Bb5 1-0

[Event "Ulan-Ude Elo"]
[Site "Ulan-Ude"]
[Date "2007.09.23"]
[Round "7"]
[White "Pushkarev, Dmitry"]
[Black "Khaptaev, Anatoli"]
[Result "1-0"]
[WhiteElo "2369"]
[BlackElo "2173"]
[PlyCount "43"]
[EventDate "2007.09.17"]
[EventType "tourn"]
[EventRounds "14"]
[EventCountry "RUS"]
[SourceTitle "EXT 2009"]
[Source "ChessBase"]
[SourceDate "2008.11.26"]
[SourceVersion "1"]
[SourceVersionDate "2008.11.26"]
[SourceQuality "1"]

1. e4 e5 2. Nf3 Nc6 3. Bb5 f5 4. Nc3 fxe4 5. Nxe4 d5 6. Nxe5 dxe4 7. Nxc6 Qg5 8. Qe2 Nf6 9. f4 Qxf4 10. Ne5+ c6 11. d4 Qh4+ 12. g3 Qh3 13. Bc4 Be6 14. Bf4 Be7 15. 0-0-0 0-0 16. Bg5 Kh8 17. g4 Bd5 18. Kb1 Bd6 19. Bxd5 cxd5 20. Rhg1 Bxe5 21. dxe5 h6 22. Rg3 1-0

[Event "Buryatia-ch"]
[Site "Ulan-Ude"]
[Date "2006.12.08"]
[Round "7"]
[White "Baljiev, Chingiz"]
[Black "Khaptaev, Anatoli"]
[Result "1-0"]
[WhiteElo "2258"]
[BlackElo "2213"]
[PlyCount "59"]
[EventDate "2006.12.02"]
[EventType "swiss"]
[EventRounds "9"]
[EventCountry "RUS"]
[SourceTitle "EXT 2008"]
[Source "ChessBase"]
[SourceDate "2007.11.25"]
[SourceVersion "1"]
[SourceVersionDate "2007.11.25"]
[SourceQuality "1"]

1. c4 Nf6 2. d4 e6 3. g3 d5 4. Nf3 dxc4 5. Bg2 a6 6. 0-0 b5 7. Ne5 Nd5 8. a4 Bb7 9. b3 cxb3 10. Qxb3 b4 11. Bb2 Be7 12. a5 0-0 13. Rc1 Ra7 14. Nd2 Kh8 15. e4 Nf6 16. Qe3 Ra8 17. Nb3 Nfd7 18. Nd3 f5 19. e5 Bxg2 20. Kxg2 c6 21. h4 Qe8 22. Nf4 Qf7 23. Rc4 Ra7 24. Bc1 Rb7 25. Bd2 Qg8 26. Rac1 c5 27. h5 Nc6 28. Ng6+ hxg6 29. hxg6 Qh7 30. gxh7 1-0

[Event "Buryatia-ch"]
[Site "Ulan-Ude"]
[Date "2006.12.05"]
[Round "4"]
[White "Khaptaev, Anatoli"]
[Black "Rushakov, Anatoly"]
[Result "1-0"]
[WhiteElo "2216"]
[BlackElo "2155"]
[PlyCount "85"]
[EventDate "2006.12.02"]
[EventType "swiss"]
[EventRounds "9"]
[EventCountry "RUS"]
[SourceTitle "EXT 2008"]
[Source "ChessBase"]
[SourceDate "2007.11.25"]
[SourceVersion "1"]
[SourceVersionDate "2007.11.25"]
[SourceQuality "1"]

1. e4 c6 2. d4 d6 3. f4 g6 4. Nf3 Bg7 5. Bd3 Bg4 6. c3 Qb6 7. Nbd2 d5 8. exd5 cxd5 9. 0-0 Bf5 10. Be2 Nc6 11. Re1 Nf6 12. Nf1 Ne4 13. Ne3 Be6 14. Bd3 Nf6 15. Ng5 Bd7 16. Qf3 0-0 17. Nxd5 Qa5 18. Nxe7+ Kh8 19. Nxc6 Bxc6 20. Qh3 h6 21. Re7 Bd7 22. f5 Kg8 23. Ne6 g5 24. Nxf8 Kxf8 25. Re5 Qb6 26. Qf3 Bc6 27. Qe2 Nd5 28. Kh1 Kg8 29. f6 Nxf6 30. Rf5 Re8 31. Qf1 Re7 32. b4 Nd5 33. b5 Bxb5 34. Bxb5 Nxc3 35. Bc4 Qg6 36. Ba3 Rc7 37. Bb3 Bxd4 38. Re1 Kg7 39. Re8 Bf6 40. Bf8+ Kh7 41. Rxf6 Qb1 42. Qxb1+ Nxb1 43. h4 1-0

[Event "Buryatia-ch"]
[Site "Ulan-Ude"]
[Date "2006.12.03"]
[Round "2"]
[White "Khaptaev, Anatoli"]
[Black "Batagaev, Yuriy"]
[Result "0-1"]
[WhiteElo "2216"]
[BlackElo "2067"]
[PlyCount "62"]
[EventDate "2006.12.02"]
[EventType "swiss"]
[EventRounds "9"]
[EventCountry "RUS"]
[SourceTitle "EXT 2008"]
[Source "ChessBase"]
[SourceDate "2007.11.25"]
[SourceVersion "1"]
[SourceVersionDate "2007.11.25"]
[SourceQuality "1"]

1. e4 c5 2. Nf3 Nc6 3. d4 cxd4 4. Nxd4 Nf6 5. Nc3 g6 6. Be3 Bg7 7. Bc4 Qa5 8. f3 Qb4 9. Nxc6 Qxc4 10. Ne5 Qc7 11. Nd3 d6 12. Qd2 Bd7 13. 0-0-0 b5 14. Nf4 Qa5 15. Kb1 0-0 16. Nfd5 Rfe8 17. Nxf6+ exf6 18. Nd5 Qd8 19. Bd4 Be6 20. Bc3 a5 21. Qf4 f5 22. Bxg7 Kxg7 23. exf5 Bxf5 24. Qd4+ f6 25. g4 Be6 26. Nf4 Ra6 27. g5 Bc4 28. Rhg1 Re5 29. h4 Qe7 30. Nh5+ Kf7 31. Nxf6 Qe6 0-1